[Event "XXII Festival Conca della Presolana Magistrale"]
[Site "Bratto - Castione della Presolana ITA"]
[Date "2002.08.23"]
[Round "4"]
[White "Zanellato, Lorenzo"]
[Black "Bertazzo, Giorgio"]
[Result "1/2-1/2"]
[WhiteElo "2048"]
[BlackElo "2158"]
[PlyCount "30"]
[EventDate "2002.08.20"]

1.Nf3 c5 2.c4 Nf6 3.Nc3 Nc6 4.g3 g6 5.d4 cxd4 6.Nxd4 d6 7.Bg2 Bd7 8.O-O 
Bg7 9.b3 Qa5 10.Bb2 Qh5 11.Nd5 Nxd5 12.cxd5 Ne5 13.Nf3 O-O 14.Nxe5 Bxe5 
15.Qd2 Rfc8 1/2-1/2

[Event "XXII Festival Conca della Presolana Magistrale"]
[Site "Bratto - Castione della Presolana ITA"]
[Date "2002.08.23"]
[Round "4"]
[White "Zichichi, Alvise"]
[Black "Pagnoncelli, Marco"]
[Result "1-0"]
[WhiteElo "2312"]
[BlackElo "2101"]
[PlyCount "77"]
[EventDate "2002.08.20"]

1.d4 Nf6 2.Bg5 g6 3.Bxf6 exf6 4.g3 Bg7 5.e3 f5 6.Ne2 d6 7.Bg2 Nd7 8.c4 c6 
9.Nbc3 Nf6 10.b4 O-O 11.Rb1 Bd7 12.O-O Re8 13.Qd3 Qc7 14.Rfc1 Rad8 15.Rb3 
b6 16.a4 c5 17.Nb5 Bxb5 18.axb5 Re7 19.Nf4 Qb8 20.Nd5 Nxd5 21.Bxd5 Rc8 22.
Bc6 cxb4 23.Bd5 Bf6 24.Rxb4 Kg7 25.Ra4 Rcc7 26.Qc3 Qd8 27.Rca1 h5 28.Qd3 
Qb8 29.Ra6 Red7 30.R1a4 Qf8 31.Qa3 Qe7 32.Bc6 Rd8 33.Rxa7 Rxa7 34.Rxa7 Qf8
35.Bd5 Be7 36.Qa6 Rb8 37.Rc7 Qd8 38.Qa7 Kf6 39.Rxe7 1-0

[Event "XXII Festival Conca della Presolana Magistrale"]
[Site "Bratto - Castione della Presolana ITA"]
[Date "2002.08.24"]
[Round "5"]
[White "Antognini, Francesco"]
[Black "Schuurman, Petra"]
[Result "1/2-1/2"]
[WhiteElo "2094"]
[BlackElo "2272"]
[PlyCount "122"]
[EventDate "2002.08.20"]

1.e4 c6 2.d4 d5 3.exd5 cxd5 4.c4 Nf6 5.Nc3 g6 6.Qb3 Bg7 7.cxd5 O-O 8.Be2 
Na6 9.Bf3 Qb6 10.Nge2 Qxb3 11.axb3 Nb4 12.O-O Rd8 13.Ra5 Nd3 14.Be3 Nxb2 
15.h3 Nd3 16.Rfa1 a6 17.Na4 Nd7 18.Rd1 Nb4 19.Bf4 Re8 20.Bc7 b5 21.Nc5 Ra7
22.Bf4 Nb6 23.Nc3 Bd7 24.Rd2 Rc8 25.Be3 Rac7 26.Nxa6 Nxa6 27.Rxa6 Rxc3 28.
Rxb6 Rxb3 29.Rb7 Rd8 30.Rc2 Bf6 31.Rcc7 Be8 32.Kh2 Kg7 33.g4 g5 34.Kg2 h6 
35.Be4 Rb2 36.Kg3 Ra2 37.Bd3 Rxd5 38.Rb8 Bd7 39.Rbb7 Be6 40.Bxb5 Rb2 41.
Bc4 Rxb7 42.Rxb7 Rd6 43.Bxe6 Rxe6 44.d5 Rd6 45.Rb5 Ra6 46.Kf3 Ra4 47.Rb7 
Rc4 48.Rd7 Kf8 49.Rd8+ Kg7 50.Rd7 Rc8 51.d6 exd6 52.Rxd6 Rc4 53.Rd5 Ra4 
54.Rb5 Kg6 55.Rb6 Rc4 56.Ra6 Kg7 57.Ra5 Kg6 58.Ra6 Rb4 59.Rc6 Kg7 60.Rc5 
Ra4 61.Rb5 Rc4 1/2-1/2

[Event "XXII Festival Conca della Presolana Magistrale"]
[Site "Bratto - Castione della Presolana ITA"]
[Date "2002.08.24"]
[Round "5"]
[White "Astengo, Corrado"]
[Black "Marinelli, Gian Marco"]
[Result "1/2-1/2"]
[WhiteElo "2195"]
[BlackElo "2060"]
[PlyCount "38"]
[EventDate "2002.08.20"]

1.e4 c5 2.Nf3 Nc6 3.d4 cxd4 4.Nxd4 Nf6 5.Nc3 e5 6.Ndb5 d6 7.Bg5 a6 8.Na3 
b5 9.Bxf6 gxf6 10.Nd5 f5 11.Bd3 Be6 12.Qh5 Bg7 13.O-O f4 14.Kh1 Ne7 15.c4 
Bxd5 16.cxd5 O-O 17.Nc2 Qb6 18.Rac1 Rfc8 19.Qe2 Ra7 1/2-1/2

[Event "XXII Festival Conca della Presolana Magistrale"]
[Site "Bratto - Castione della Presolana ITA"]
[Date "2002.08.24"]
[Round "5"]
[White "Astengo, Marcello"]
[Black "Pienabarca, Nicola"]
[Result "0-1"]
[WhiteElo "2124"]
[BlackElo "2062"]
[PlyCount "68"]
[EventDate "2002.08.20"]

1.d4 Nf6 2.c4 c5 3.d5 b5 4.cxb5 a6 5.bxa6 Bxa6 6.Nc3 d6 7.g3 g6 8.Bg2 Bg7 
9.Nh3 O-O 10.O-O Nbd7 11.Qc2 Nb6 12.Rd1 Ra7 13.Rb1 Qa8 14.b3 Bb7 15.e4 
Nfd7 16.Bb2 Rc8 17.Ng5 c4 18.Bh3 cxb3 19.Qxb3 h6 20.Nb5 Rxa2 21.Bxg7 Kxg7 
22.Nxf7 Kxf7 23.Nd4 Rc7 24.Qf3+ Ke8 25.Ne6 Rcc2 26.Ng7+ Kd8 27.Qf7 Kc7 28.
Qxe7 Rxf2 29.Ne8+ Kb8 30.Qxd6+ Ka7 31.Nc7 Qf8 32.Nb5+ Ka8 33.Qxg6 Rxh2 34.
Rf1 Qc5+ 0-1

[Event "XXII Festival Conca della Presolana Magistrale"]
[Site "Bratto - Castione della Presolana ITA"]
[Date "2002.08.24"]
[Round "5"]
[White "Benincasa, Marco"]
[Black "Paoli, Enrico"]
[Result "1/2-1/2"]
[WhiteElo "2030"]
[BlackElo "1973"]
[PlyCount "69"]
[EventDate "2002.08.20"]

1.e4 e5 2.Nf3 Nf6 3.Nxe5 d6 4.Nf3 Nxe4 5.d4 d5 6.Bd3 Nc6 7.Bf4 Bg4 8.c3 
Bd6 9.Bxd6 Qxd6 10.O-O O-O 11.Be2 Rae8 12.Na3 a6 13.Nc2 Re6 14.Ne3 Bxf3 
15.Bxf3 f5 16.c4 Rh6 17.h3 dxc4 18.Nxc4 Qxd4 19.Bxe4 Qxe4 20.Nd2 Qb4 21.
Qb3+ Kh8 22.Qxb4 Nxb4 23.Nc4 b5 24.Ne5 Re6 25.f4 Nc6 26.Nd7 Ra8 27.Rfe1 
Rd6 28.Rac1 Kg8 29.Ne5 Nb4 30.Rxc7 Nd5 31.Rc6 Rxc6 32.Nxc6 Nxf4 33.Ne7+ 
Kf7 34.Nxf5 Kf6 35.Ng3 1/2-1/2

[Event "XXII Festival Conca della Presolana Magistrale"]
[Site "Bratto - Castione della Presolana ITA"]
[Date "2002.08.24"]
[Round "5"]
[White "Berni, Fabrizio"]
[Black "Mola, Pietro"]
[Result "1/2-1/2"]
[WhiteElo "2116"]
[BlackElo "2277"]
[PlyCount "60"]
[EventDate "2002.08.20"]

1.e4 g6 2.d4 Bg7 3.Nf3 c6 4.Be2 d5 5.exd5 cxd5 6.O-O Nf6 7.c3 O-O 8.Bf4 
Nc6 9.Nbd2 Nh5 10.Bg3 Nxg3 11.hxg3 b6 12.Nb3 Bb7 13.Qd2 Qd6 14.Rfe1 Rac8 
15.Rad1 Rfd8 16.Bf1 e6 17.Bd3 Qf8 18.Qe2 Rc7 19.Qd2 Ne7 20.Qe2 Nc8 21.g4 
Nd6 22.g5 Qe7 23.Nbd2 Ba8 24.Nf1 Ne4 25.Qe3 Qf8 26.N1d2 Nd6 27.Qf4 Rdc8 
28.Ne5 h6 29.Ng4 hxg5 30.Qxg5 Nc4 1/2-1/2

[Event "XXII Festival Conca della Presolana Magistrale"]
[Site "Bratto - Castione della Presolana ITA"]
[Date "2002.08.24"]
[Round "5"]
[White "Bertazzo, Giorgio"]
[Black "Bellincampi, Stefano"]
[Result "0-1"]
[WhiteElo "2158"]
[BlackElo "2082"]
[PlyCount "88"]
[EventDate "2002.08.20"]

1.e4 e5 2.Nf3 Nc6 3.Bb5 a6 4.Ba4 Nf6 5.Qe2 b5 6.Bb3 Bc5 7.c3 d6 8.d3 h6 9.
Nbd2 O-O 10.h3 Be6 11.g4 Re8 12.Bxe6 Rxe6 13.Nf1 d5 14.Ng3 d4 15.cxd4 Nxd4
16.Nxd4 Qxd4 17.O-O Qd7 18.Nf5 Rd8 19.Rd1 Nh7 20.Be3 Bxe3 21.Qxe3 Nf6 22.
Rac1 Ne8 23.d4 exd4 24.Rxd4 Nd6 25.Rcd1 Qe8 26.Qf4 Re5 27.f3 Qe6 28.b3 f6 
29.Qd2 Rc5 30.Rd5 Rxd5 31.Qxd5 Qxd5 32.Rxd5 Kf7 33.Kf2 Nb7 34.Ne3 c6 35.
Rxd8 Nxd8 36.Nf5 Ne6 37.Ke3 c5 38.Nd6+ Ke7 39.Nb7 Kd7 40.f4 Kc6 41.f5 Kxb7
42.fxe6 Kc6 43.e5 fxe5 44.Ke4 c4 0-1

[Event "XXII Festival Conca della Presolana Magistrale"]
[Site "Bratto - Castione della Presolana ITA"]
[Date "2002.08.24"]
[Round "5"]
[White "Bonanno, Alessandro"]
[Black "Marzano, Carlo"]
[Result "1/2-1/2"]
[WhiteElo "2094"]
[BlackElo "2258"]
[PlyCount "93"]
[EventDate "2002.08.20"]

1.e4 Nc6 2.d4 e5 3.dxe5 Nxe5 4.f4 Ng6 5.Be3 Bb4+ 6.c3 Ba5 7.Bc4 Qe7 8.Qd3 
Nf6 9.Nd2 Bb6 10.Bxb6 axb6 11.Ne2 d6 12.O-O O-O 13.Rae1 Re8 14.Nd4 d5 15.
exd5 Qxe1 16.Rxe1 Rxe1+ 17.Kf2 Re7 18.Nf5 Ng4+ 19.Kg3 Bxf5 20.Qxf5 Ne3 21.
Qd3 Nxg2 22.Nf3 Re3 23.Qf1 N6h4 24.Be2 Rae8 25.Bd1 Rxf3+ 26.Bxf3 Re3 27.f5
Rxf3+ 28.Qxf3 Nxf3 29.Kxf3 Ne1+ 30.Ke2 Ng2 31.Kf3 Nh4+ 32.Kg4 Ng2 33.Kf3 
Nh4+ 34.Kg4 Nxf5 35.Kxf5 Kf8 36.c4 Ke7 37.b4 Kd6 38.a4 Ke7 39.Ke5 f6+ 40.
Kd4 Kd7 41.c5 f5 42.a5 g5 43.c6+ Kc8 44.axb6 f4 45.Ke4 Kb8 46.b5 Kc8 47.h3
1/2-1/2

[Event "XXII Festival Conca della Presolana Magistrale"]
[Site "Bratto - Castione della Presolana ITA"]
[Date "2002.08.24"]
[Round "5"]
[White "Campanile, Antonio"]
[Black "Castaldo, Folco"]
[Result "0-1"]
[WhiteElo "2140"]
[BlackElo "2319"]
[PlyCount "82"]
[EventDate "2002.08.20"]

1.f4 c5 2.Nf3 Nc6 3.g3 d5 4.Bg2 g6 5.d3 Bg7 6.O-O Nh6 7.c3 O-O 8.Na3 d4 9.
Bd2 Nf5 10.Qe1 Re8 11.Qf2 h5 12.Ng5 e5 13.Bxc6 bxc6 14.fxe5 Bxe5 15.Nc4 
Bg7 16.Ne4 Be6 17.b3 Bd5 18.Qf3 Qe7 19.Rae1 Bxe4 20.dxe4 Qxe4 21.Qxe4 Rxe4
22.Rf3 Rae8 23.Kf2 R8e6 24.Rd3 Bh6 25.h3 Bxd2 26.Nxd2 Re3 27.Nf1 Rxd3 28.
exd3 Rxe1 29.Kxe1 dxc3 30.Kd1 Nd4 31.Ne3 Kf8 32.g4 h4 33.Ng2 g5 34.Ne3 Ke7
35.Kc1 Ke6 36.Nd1 c2 37.Nf2 f5 38.gxf5+ Kxf5 39.Kd2 Kf4 40.Ne4 g4 41.hxg4 
Kxg4 0-1

[Event "XXII Festival Conca della Presolana Magistrale"]
[Site "Bratto - Castione della Presolana ITA"]
[Date "2002.08.24"]
[Round "5"]
[White "Ceresoli, Luigi"]
[Black "Zichichi, Alvise"]
[Result "1-0"]
[WhiteElo "2204"]
[BlackElo "2312"]
[PlyCount "69"]
[EventDate "2002.08.20"]

1.e4 c5 2.c3 d5 3.exd5 Qxd5 4.d4 Nf6 5.Nf3 e6 6.Bd3 Be7 7.O-O O-O 8.c4 Qd7
9.dxc5 Rd8 10.Ne5 Qd4 11.Qe2 Nbd7 12.Nf3 Qg4 13.Nc3 Nxc5 14.Bc2 b6 15.Ne5 
Qxe2 16.Nxe2 Bb7 17.h3 Nfd7 18.Nxd7 Rxd7 19.Ng3 f5 20.b3 Bf6 21.Rb1 Rad8 
22.Re1 Kf7 23.Bb2 Bxb2 24.Rxb2 g6 25.Rbb1 Kf6 26.Rbd1 Nd3 27.Bxd3 Rxd3 28.
Rxd3 Rxd3 29.Nf1 e5 30.f3 f4 31.Kf2 e4 32.fxe4 Ke5 33.Re2 Bxe4 34.c5 bxc5 
35.Nd2 1-0

[Event "XXII Festival Conca della Presolana Magistrale"]
[Site "Bratto - Castione della Presolana ITA"]
[Date "2002.08.24"]
[Round "5"]
[White "Citti, Gianluca"]
[Black "Bertino, Andrea"]
[Result "1/2-1/2"]
[WhiteElo "2157"]
[BlackElo "1915"]
[PlyCount "70"]
[EventDate "2002.08.20"]

1.e4 c5 2.Nc3 Nc6 3.g3 g6 4.Bg2 Bg7 5.d3 d6 6.Be3 e6 7.Qd2 Nge7 8.Bh6 O-O 
9.h4 Bxh6 10.Qxh6 f6 11.Qd2 Nd4 12.h5 g5 13.h6 Ng6 14.f4 gxf4 15.gxf4 f5 
16.Nge2 Nxe2 17.Nxe2 Qf6 18.O-O-O Kf7 19.Ng3 fxe4 20.Nxe4 Qe7 21.f5 exf5 
22.Ng5+ Kg8 23.Bd5+ Kh8 24.Qc3+ Qf6 25.Nf7+ Rxf7 26.Bxf7 Ne5 27.Bd5 Rb8 
28.Rdg1 Be6 29.Qb3 Nf3 30.Rg2 Nd4 31.Bxe6 Nxb3+ 32.Bxb3 b5 33.Bd5 Qe5 34.
c4 bxc4 35.dxc4 Qf6 1/2-1/2

[Event "XXII Festival Conca della Presolana Magistrale"]
[Site "Bratto - Castione della Presolana ITA"]
[Date "2002.08.24"]
[Round "5"]
[White "Contin, Daniel"]
[Black "Skembris, Spyridon"]
[Result "1-0"]
[WhiteElo "2334"]
[BlackElo "2431"]
[PlyCount "149"]
[EventDate "2002.08.20"]

1.Nf3 d5 2.b3 Nf6 3.Bb2 Nbd7 4.c4 e6 5.g3 Bd6 6.Bg2 O-O 7.O-O c6 8.d4 Re8 
9.Nbd2 b6 10.Qc2 Bb7 11.Rad1 Qc7 12.e4 Nxe4 13.Nxe4 dxe4 14.Qxe4 c5 15.Qd3
Rad8 16.Ng5 Nf8 17.Bxb7 Qxb7 18.Ne4 Qe7 19.Rfe1 Be5 20.Qe3 Bxd4 21.Bxd4 
cxd4 22.Rxd4 Rxd4 23.Qxd4 Rd8 24.Qe3 h6 25.f4 Qa3 26.Re2 Ng6 27.Kf2 f5 28.
Nd2 e5 29.fxe5 f4 30.Qe4 Qc5+ 31.Kg2 Nxe5 32.gxf4 Nd3 33.Nf3 Qf8 34.f5 Qd6
35.Rd2 Qf4 36.Qxf4 Nxf4+ 37.Kf2 Re8 38.Rd4 Ne2 39.Rd7 Nc3 40.Rxa7 Re2+ 41.
Kg3 Nxa2 42.Rb7 Re3 43.Rxb6 Nc1 44.b4 Rc3 45.c5 Nd3 46.c6 Kf7 47.b5 Ke7 
48.Nd2 Nc5+ 49.Kf4 Kd8 50.Rb8+ Kc7 51.Rg8 Kb6 52.Rxg7 Kxb5 53.c7 Na6 54.
Ne4 Rxc7 55.Rxc7 Nxc7 56.Ke5 Kc6 57.Nf6 Nb5 58.h4 Kc7 59.Ng4 h5 60.Nf6 Kd8
61.Nxh5 Ke7 62.Ng3 Na7 63.Ne4 Nc6+ 64.Kf4 Nd4 65.h5 Kf7 66.Nf2 Ne2+ 67.Kg5
Nc3 68.f6 Nd5 69.Ng4 Nc7 70.Kf5 Kg8 71.Ne5 Nd5 72.h6 Kh7 73.f7 Ne7+ 74.Ke6
Ng6 75.Nxg6 1-0

[Event "XXII Festival Conca della Presolana Magistrale"]
[Site "Bratto - Castione della Presolana ITA"]
[Date "2002.08.24"]
[Round "5"]
[White "Del Giudice, Stefano"]
[Black "Piantoni, Roberto"]
[Result "0-1"]
[WhiteElo "2073"]
[BlackElo "2171"]
[PlyCount "52"]
[EventDate "2002.08.20"]

1.e4 Nf6 2.e5 Nd5 3.d4 d6 4.c4 Nb6 5.exd6 cxd6 6.Nc3 g6 7.Bd3 Bg7 8.Be3 
Nc6 9.Nge2 O-O 10.b3 d5 11.c5 Nd7 12.Rc1 e5 13.Bb5 Nxc5 14.Bxc6 bxc6 15.
dxc5 d4 16.Bd2 dxc3 17.Bxc3 Qg5 18.O-O Rd8 19.Qc2 Rd5 20.f4 Qe7 21.b4 Ba6 
22.Rcd1 exf4 23.Bxg7 Rxd1 24.Rxd1 Bxe2 25.Re1 Qe3+ 26.Kh1 f3 0-1

[Event "XXII Festival Conca della Presolana Magistrale"]
[Site "Bratto - Castione della Presolana ITA"]
[Date "2002.08.24"]
[Round "5"]
[White "Del Rio Angelis, Salvador Gabriel"]
[Black "Cacco, Christian"]
[Result "1/2-1/2"]
[WhiteElo "2504"]
[BlackElo "2248"]
[PlyCount "90"]
[EventDate "2002.08.20"]

1.e4 c5 2.Nf3 Nc6 3.d4 cxd4 4.Nxd4 Nf6 5.Nc3 e5 6.Ndb5 d6 7.Bg5 a6 8.Na3 
b5 9.Nd5 Qa5+ 10.Bd2 Qd8 11.Nxf6+ gxf6 12.c3 f5 13.exf5 Bxf5 14.Nc2 d5 15.
a4 Rb8 16.axb5 axb5 17.Ne3 Be6 18.Qh5 Bg7 19.f4 exf4 20.Ng4 Qe7 21.Be2 f3 
22.gxf3 O-O 23.Nf2 Rfe8 24.O-O Ne5 25.Kh1 Qd7 26.Rg1 Bf5 27.Rxg7+ Kxg7 28.
Bh6+ Kh8 29.Qg5 f6 30.Qxf6+ Kg8 31.Be3 Qf7 32.Qg5+ Ng6 33.Bf1 Rb7 34.Bd4 
Be6 35.Re1 Qf4 36.Qh5 Ree7 37.Bd3 Bg4 38.Qxd5+ Kf8 39.Qd8+ Kf7 40.Qd5+ Kf8
41.Qd8+ Kf7 42.Bxg6+ hxg6 43.Qa5 Kf8 44.Qd8+ Kf7 45.Qd5+ Kf8 1/2-1/2

[Event "XXII Festival Conca della Presolana Magistrale"]
[Site "Bratto - Castione della Presolana ITA"]
[Date "2002.08.24"]
[Round "5"]
[White "Dervishi, Erald"]
[Black "Preiss, Martin"]
[Result "1/2-1/2"]
[WhiteElo "2523"]
[BlackElo "2265"]
[PlyCount "96"]
[EventDate "2002.08.20"]

1.e4 d6 2.d4 Nf6 3.Nc3 g6 4.Nf3 Bg7 5.Be2 O-O 6.O-O c6 7.h3 Nbd7 8.e5 dxe5
9.dxe5 Nd5 10.Nxd5 cxd5 11.Bf4 Qc7 12.Qxd5 Qxc2 13.Bb5 Nb6 14.Qd4 Bf5 15.
Rac1 Qe4 16.Rfe1 Qd5 17.Bc4 Qxd4 18.Nxd4 Rfc8 19.Bb3 Bd3 20.Rcd1 Bc4 21.
Bxc4 Rxc4 22.b3 Rc5 23.e6 f5 24.Be3 Re5 25.f4 Re4 26.Nb5 Bf6 27.g3 Kg7 28.
a4 Rb4 29.Rd3 a6 30.Na3 Rc8 31.a5 Rc3 32.Rxc3 Bxc3 33.Rd1 Rxb3 34.axb6 
Rxa3 35.Rd7 Kf6 36.Rxb7 Kxe6 37.Bc5 Ra1+ 38.Kg2 Ra2+ 39.Kf3 Kd5 40.Be3 Bf6
41.Rd7+ Ke6 42.Rd8 Rb2 43.Ra8 Kd5 44.Rxa6 Rb3 45.Ra5+ Kc6 46.Kf2 Rb2+ 47.
Kf3 Rb3 48.Kf2 Rb2+ 1/2-1/2

[Event "XXII Festival Conca della Presolana Magistrale"]
[Site "Bratto - Castione della Presolana ITA"]
[Date "2002.08.24"]
[Round "5"]
[White "Di Paolo, Raffaele"]
[Black "Moncelli, Giorgio"]
[Result "1-0"]
[WhiteElo "2319"]
[BlackElo "2155"]
[PlyCount "47"]
[EventDate "2002.08.20"]

1.e4 d6 2.d4 Nf6 3.Nc3 g6 4.Nf3 Bg7 5.h3 O-O 6.Be3 c6 7.a4 a5 8.Qd2 Na6 9.
Be2 Nb4 10.O-O Qc7 11.Rad1 Bd7 12.e5 Nfd5 13.Bh6 Bf5 14.Nxd5 Nxd5 15.c3 
Rad8 16.Nh4 Be6 17.Bxg7 Kxg7 18.f4 dxe5 19.fxe5 c5 20.c4 Nb4 21.d5 Qxe5 
22.Nf3 Qg3 23.Qc3+ f6 24.Nd4 1-0

[Event "XXII Festival Conca della Presolana Magistrale"]
[Site "Bratto - Castione della Presolana ITA"]
[Date "2002.08.24"]
[Round "5"]
[White "Drazic, Sinisa"]
[Black "Cebalo, Miso"]
[Result "1/2-1/2"]
[WhiteElo "2486"]
[BlackElo "2548"]
[PlyCount "116"]
[EventDate "2002.08.20"]

1.d4 e6 2.e4 d5 3.Nd2 Nf6 4.e5 Nfd7 5.f4 c5 6.c3 Nc6 7.Ndf3 cxd4 8.cxd4 
Qb6 9.Ne2 Bb4+ 10.Kf2 f6 11.Be3 O-O 12.h4 Qd8 13.Kg1 Nb6 14.Ng3 f5 15.Bd3 
Bd7 16.Kf2 a5 17.h5 a4 18.a3 Be7 19.Ne2 Na5 20.Nc3 Nbc4 21.Rb1 b5 22.Rg1 
Rc8 23.Ne2 Be8 24.Rh1 Nxe3 25.Kxe3 Nc4+ 26.Kf2 b4 27.axb4 Qb6 28.h6 g6 29.
b3 Na3 30.Rc1 Rxc1 31.Qxc1 Bxb4 32.bxa4 Bxa4 33.Ng5 Bb5 34.Rh3 Bc4 35.Rg3 
Be7 36.Bxc4 Nxc4 37.Qd1 Rb8 38.Qa4 Bxg5 39.fxg5 Nxe5 40.Rc3 Rd8 41.Rb3 
Ng4+ 42.Ke1 Qc7 43.Qa6 Rb8 44.Qxe6+ Kf8 45.Qxd5 Rxb3 46.Qxb3 Qe7 47.Qb8+ 
Kf7 48.d5 Qxg5 49.Qc7+ Ke8 50.d6 Qd8 51.Qc6+ Qd7 52.Qa8+ Qd8 53.Qd5 Nxh6 
54.Nd4 Nf7 55.Qc6+ Qd7 56.Qa8+ Nd8 57.Qd5 Nf7 58.Qa8+ Nd8 1/2-1/2

[Event "XXII Festival Conca della Presolana Magistrale"]
[Site "Bratto - Castione della Presolana ITA"]
[Date "2002.08.24"]
[Round "5"]
[White "Fuggetta, Leonardo"]
[Black "Rebeggiani, Andrea"]
[Result "0-1"]
[WhiteElo "2051"]
[BlackElo "2003"]
[PlyCount "60"]
[EventDate "2002.08.20"]

1.c4 Nf6 2.g3 g6 3.Bg2 Bg7 4.Nc3 d6 5.e4 O-O 6.Nge2 c5 7.O-O Nc6 8.h3 Ne8 
9.f4 f5 10.d3 Nc7 11.Rb1 Rb8 12.Be3 Nd4 13.a3 b6 14.Bf2 e5 15.exf5 Nxf5 
16.Nd5 Bb7 17.Nxc7 Qxc7 18.Bxb7 Qxb7 19.g4 Ne7 20.Bg3 Nc6 21.b4 Qe7 22.b5 
exf4 23.Rxf4 Nd4 24.Nxd4 Bxd4+ 25.Kg2 Rxf4 26.Bxf4 Rf8 27.Qd2 Qb7+ 28.Kg3 
g5 29.Bxg5 Rf3+ 30.Kh4 Bf2+ 0-1

[Event "XXII Festival Conca della Presolana Magistrale"]
[Site "Bratto - Castione della Presolana ITA"]
[Date "2002.08.24"]
[Round "5"]
[White "Galli, Fabio"]
[Black "Manzoni, Alessandro"]
[Result "1/2-1/2"]
[WhiteElo "2087"]
[BlackElo "2023"]
[PlyCount "33"]
[EventDate "2002.08.20"]

1.e4 d6 2.d4 Nf6 3.Bd3 e5 4.d5 g6 5.Ne2 Bg7 6.O-O O-O 7.c4 Nh5 8.Nd2 f5 9.
f4 exf4 10.Nxf4 Nxf4 11.Rxf4 g5 12.Rf1 f4 13.Be2 Nd7 14.Rb1 Ne5 15.Nf3 Ng6
16.Nd2 Qd7 17.h3 1/2-1/2

[Event "XXII Festival Conca della Presolana Magistrale"]
[Site "Bratto - Castione della Presolana ITA"]
[Date "2002.08.24"]
[Round "5"]
[White "Godena, Michele"]
[Black "Del Dotto, Riccardo"]
[Result "1-0"]
[WhiteElo "2488"]
[BlackElo "2199"]
[PlyCount "83"]
[EventDate "2002.08.20"]

1.e4 e5 2.Nf3 Nf6 3.Nxe5 d6 4.Nf3 Nxe4 5.Bd3 Nf6 6.O-O Be7 7.c3 Bg4 8.Bc2 
O-O 9.d4 Bh5 10.Nbd2 c5 11.dxc5 dxc5 12.Qe2 Nc6 13.Ne4 Re8 14.Ng3 Bd6 15.
Qd1 Bg6 16.Bg5 Bxg3 17.hxg3 Qxd1 18.Bxd1 Bd3 19.Re1 Ne4 20.Bf4 Rad8 21.Bb3
h6 22.Rad1 Nf6 23.Rxe8+ Nxe8 24.Ne5 Nxe5 25.Bxe5 Rd7 26.Bb8 a6 27.Ba7 Bf5 
28.Rxd7 Bxd7 29.Bxc5 g6 30.Be3 Kg7 31.Bd5 b5 32.Bd4+ f6 33.Bb7 a5 34.Bc5 
Nc7 35.Bb6 Ne6 36.Bxa5 Nc5 37.Bd5 Nd3 38.b3 Nc1 39.c4 Nxa2 40.cxb5 Bxb5 
41.Bd2 Bd3 42.b4 1-0

[Event "XXII Festival Conca della Presolana Magistrale"]
[Site "Bratto - Castione della Presolana ITA"]
[Date "2002.08.24"]
[Round "5"]
[White "Griffa, Roberto"]
[Black "Salami, Marco"]
[Result "1-0"]
[WhiteElo "2080"]
[BlackElo "2206"]
[PlyCount "111"]
[EventDate "2002.08.20"]

1.d4 f5 2.g3 Nf6 3.Bg2 g6 4.c4 d6 5.Nc3 Bg7 6.Nh3 c6 7.Nf4 e5 8.dxe5 dxe5 
9.Qxd8+ Kxd8 10.Nd3 e4 11.Nb4 Be6 12.b3 e3 13.Bxe3 Ne4 14.O-O-O+ Ke8 15.
Nxe4 fxe4 16.Bxe4 Nd7 17.Rd6 Kf7 18.Nc2 Be5 19.Rdd1 Nf6 20.Bf3 a5 21.Bd4 
Bc7 22.a4 Rab8 23.Bc3 Rhc8 24.Nd4 Bd7 25.Rd2 Bd8 26.Rhd1 b5 27.Nxc6 Bxc6 
28.Bxc6 bxc4 29.Bxf6 Kxf6 30.Rd6+ Kg5 31.bxc4 Be7 32.R6d5+ Kh6 33.Bb5 Ba3+
34.Kc2 Rb6 35.Rd8 Rc7 36.R8d7 Rxd7 37.Rxd7 Re6 38.Kd3 Bc5 39.e3 Rf6 40.Rd5
Bb4 41.f4 Rf8 42.c5 Rc8 43.c6 Be7 44.e4 Bd8 45.Rd7 Bb6 46.g4 Bg1 47.h3 g5 
48.f5 Bh2 49.Kd4 Re8 50.Ba6 Bg3 51.f6 Re6 52.Bb7 Rd6+ 53.Rxd6 Bxd6 54.Kd5 
Bb8 55.Ke6 Kg6 56.f7 1-0

[Event "XXII Festival Conca della Presolana Magistrale"]
[Site "Bratto - Castione della Presolana ITA"]
[Date "2002.08.24"]
[Round "5"]
[White "Grooten, Herman"]
[Black "Tirrito, Luca"]
[Result "1/2-1/2"]
[WhiteElo "2375"]
[BlackElo "2081"]
[PlyCount "134"]
[EventDate "2002.08.20"]

1.d4 Nf6 2.c4 e6 3.Nf3 Bb4+ 4.Nbd2 Ne4 5.a3 Bxd2+ 6.Nxd2 Nxd2 7.Bxd2 d5 8.
Bf4 O-O 9.e3 Nd7 10.Qc2 Nf6 11.Bd3 c6 12.Be5 dxc4 13.Bxc4 Ng4 14.Bg3 Qa5+ 
15.b4 Qg5 16.h4 Qe7 17.Be2 Nf6 18.Qc5 Qxc5 19.bxc5 Ne4 20.Bc7 f6 21.f3 Rf7
22.Bh2 Nc3 23.Bc4 Nd5 24.Kf2 b5 25.Bb3 f5 26.Ke2 a5 27.Kd2 f4 28.exf4 Nxf4
29.Bxf4 Rxf4 30.Ke3 Rf6 31.h5 Bd7 32.Rh4 Be8 33.Rah1 b4 34.Re4 bxa3 35.
Rxe6 Rxe6+ 36.Bxe6+ Kf8 37.g4 Rb8 38.Ra1 Bxh5 39.d5 cxd5 40.Bxd5 Bf7 41.
Bxf7 Kxf7 42.Rxa3 Rb5 43.Kd4 Ke6 44.Re3+ Kd7 45.Kc4 Rb4+ 46.Kd5 Rb5 47.Re4
Rb3 48.Rf4 Rd3+ 49.Kc4 Ra3 50.Kb5 Ke6 51.Rd4 Rxf3 52.Kxa5 Rb3 53.c6 h6 54.
Rc4 Ra3+ 55.Kb4 Ra8 56.Kc5 Rc8 57.Re4+ Kf6 58.Kb6 g6 59.Kb7 Rh8 60.c7 Kg5 
61.c8=Q Rxc8 62.Kxc8 h5 63.Kd7 hxg4 64.Ke6 g3 65.Kf7 g2 66.Re6 Kg4 67.
Rxg6+ Kf3 1/2-1/2

[Event "XXII Festival Conca della Presolana Magistrale"]
[Site "Bratto - Castione della Presolana ITA"]
[Date "2002.08.24"]
[Round "5"]
[White "Isonzo, David"]
[Black "Lapiccirella, Mattia"]
[Result "1-0"]
[WhiteElo "2337"]
[BlackElo "2192"]
[PlyCount "57"]
[EventDate "2002.08.20"]

1.e4 c5 2.Nf3 Nc6 3.d4 cxd4 4.Nxd4 Nf6 5.Nc3 d6 6.Bg5 e6 7.Qd2 a6 8.O-O-O 
Nxd4 9.Qxd4 Be7 10.Bxf6 gxf6 11.f4 b5 12.e5 d5 13.Kb1 Bb7 14.f5 fxe5 15.
Qxe5 Bf6 16.Qg3 Qe7 17.fxe6 fxe6 18.Be2 h5 19.a4 bxa4 20.Rhf1 Bxc3 21.Qxc3
Kd7 22.Qd4 a3 23.Rd3 axb2 24.Qb6 Bc6 25.Rc3 Rac8 26.Bxa6 Rc7 27.Bb7 Rb8 
28.Bxc6+ Kc8 29.Bd7+ 1-0

[Event "XXII Festival Conca della Presolana Magistrale"]
[Site "Bratto - Castione della Presolana ITA"]
[Date "2002.08.24"]
[Round "5"]
[White "Lapiccirella, Daniele"]
[Black "Podini, Francesco"]
[Result "1-0"]
[WhiteElo "2097"]
[BlackElo "2054"]
[PlyCount "75"]
[EventDate "2002.08.20"]

1.d4 Nf6 2.c4 c5 3.dxc5 e6 4.Nc3 Bxc5 5.Nf3 a6 6.e3 Nc6 7.Be2 O-O 8.O-O 
Qc7 9.a3 Rd8 10.b4 Be7 11.Bb2 b6 12.Rc1 Qb8 13.Qb3 Bb7 14.Rfd1 d6 15.h3 
Qa7 16.Bf1 Rac8 17.Ba1 Nb8 18.Be2 Qa8 19.Ne1 Nbd7 20.Bf3 Ne5 21.Bxb7 Qxb7 
22.Ne2 Nfd7 23.Nd3 Bf6 24.Nxe5 Nxe5 25.Nf4 Qc6 26.Bxe5 Bxe5 27.Nd3 Bf6 28.
Rd2 Qe4 29.Rdc2 Rc7 30.c5 dxc5 31.bxc5 Rxd3 32.cxb6 Rxc2 33.Qxc2 g6 34.b7 
Be5 35.Qc8+ Kg7 36.b8=Q Bxb8 37.Qxb8 Rxa3 38.Qb2+ 1-0

[Event "XXII Festival Conca della Presolana Magistrale"]
[Site "Bratto - Castione della Presolana ITA"]
[Date "2002.08.24"]
[Round "5"]
[White "Lovati, Paolo"]
[Black "Barlocco, Carlo"]
[Result "1/2-1/2"]
[WhiteElo "2057"]
[BlackElo "2136"]
[PlyCount "67"]
[EventDate "2002.08.20"]

1.g3 e5 2.c4 d6 3.Bg2 f5 4.Nc3 Nf6 5.e3 g6 6.Nge2 Bg7 7.O-O O-O 8.b3 c6 9.
Bb2 d5 10.cxd5 cxd5 11.b4 Be6 12.f4 e4 13.Nd4 Bf7 14.Na4 Nbd7 15.Qb3 Nb6 
16.Nxb6 Qxb6 17.Rfc1 Rfc8 18.a4 Rc4 19.b5 Rac8 20.Bf1 Rxc1 21.Rxc1 Rxc1 
22.Bxc1 Nd7 23.Bb2 Bf8 24.Qc3 Qc5 25.Nb3 Qxc3 26.Bxc3 Nc5 27.Nxc5 Bxc5 28.
a5 Be8 29.Bd4 Bxd4 30.exd4 Kf7 31.Kf2 h6 32.Ke1 g5 33.Be2 Kf6 34.Kf2 
1/2-1/2

[Event "XXII Festival Conca della Presolana Magistrale"]
[Site "Bratto - Castione della Presolana ITA"]
[Date "2002.08.24"]
[Round "5"]
[White "Marchand, Francois"]
[Black "Romanishin, Oleg M."]
[Result "1/2-1/2"]
[WhiteElo "2237"]
[BlackElo "2559"]
[PlyCount "26"]
[EventDate "2002.08.20"]

1.d4 Nf6 2.c4 e6 3.Nf3 b6 4.g3 Ba6 5.Qa4 Be7 6.Nc3 O-O 7.Bg2 c6 8.O-O d6 
9.Re1 Ne8 10.e4 Nc7 11.d5 cxd5 12.cxd5 e5 13.b4 Bc8 1/2-1/2